Lu Xun pi Kong za wen xuan du /
Saved in:
| Main Author: | |
|---|---|
| Corporate Author: | |
| Format: | Book |
| Language: | Chinese |
| Published: |
[Guangzhou] :
Guangdong ren min chu ban she,
1974.
|
| Subjects: | |
| Tags: |
Add Tag
No Tags, Be the first to tag this record!
|
| LEADER | 01032cam a2200253 i 4500 | ||
|---|---|---|---|
| 001 | 007725558-5 | ||
| 005 | 20024617105005.0 | ||
| 008 | 890710s1974 cc 000 0 chi | ||
| 010 | |a 75835534 | ||
| 035 | 0 | |a ocm23310722 | |
| 040 | |a DLC |c MiU |d NIC |d *YNH* |d CStRLIN | ||
| 050 | 0 | |a B128.C8 |b C524 1974 | |
| 100 | 1 | |6 880-01 |a Lu, Xun, |d 1881-1936. | |
| 245 | 1 | 0 | |6 880-02 |a Lu Xun pi Kong za wen xuan du / |c [Zhou Shuren zhu] ; Zhongshan da xue Zhong wen xi xian dai wen xue zu bian. |
| 260 | |6 880-03 |a [Guangzhou] : |b Guangdong ren min chu ban she, |c 1974. | ||
| 300 | |a 3 v. ; |c 19 cm. | ||
| 600 | 0 | 0 | |a Confucius. |
| 710 | 2 | |6 880-04 |a Zhongshan da xue (Guangzhou, China). |b Zhongguo Xian dai wen xue yan jiu shi. | |
| 880 | 1 | |6 100-01 |a 鲁迅, |d 1881-1936. | |
| 880 | 1 | 0 | |6 245-02 |a 鲁迅批孔杂文选读 / |c [周樹人著] ; 中山大学中文系现代文学组编. |
| 880 | |6 260-03 |a [广州] : |b 广东人民出版社, |c 1974. | ||
| 880 | 2 | |6 710-04 |a 中山大学 (Guangzhou, China). |b 中国现代文学硏究室. | |
| 988 | |a 20021102 | ||
| 906 | |0 DLC | ||


